000 00837nam a2200181 i 4500
001 182230
003 ES-MaACL
005 20230906221548.0
008 130719s1880 sp |||| | spa d
245 0 0 _aBaños de Zaldua (Zaldivar) en Vizcaya
_b: gran establecimiento balneario de Zaldívar en la Provincia de Vizcaya (merindad de Durango) : aguas sulfuro-salino-alcalinas ... : breve reseña del mismo y de las propiedades medicinales y analisis de sus aguas.
260 _a[S.l.] :
_b[s.n.],
_c1880 (
_eMadrid :
_fEst. tip. de Enrique Vicente)
300 _a83 p. ;
_c20 cm.
594 _aEl autor del análisis de las aguas es Manuel Saenz Diez (p.82)
650 _aAguas minerales-
_zPaís Vasco.
_9172296
650 4 _aBalnearios-
_zZaldíbar.
_9152986
700 1 _aSáenz Díez, Manuel.
_9101327
852 _aES-MaACL
_jT-341-F-2
999 _c182230
_d182230